[Event "GBR-ch 100th"]
[Site "Torquay"]
[Date "2013.08.02"]
[Round "5"]
[White "Dilleigh, Steve"]
[Black "Hoare, Amy B"]
[Result "1-0"]
[WhiteElo "2121"]
[BlackElo "1873"]
[PlyCount "77"]
[EventDate "2013.07.29"]
[EventType "swiss"]
[EventRounds "11"]
[EventCountry "GBR"]
[Source "John Saunders"]
[SourceDate "2015.07.24"]

1. d4 Nf6 2. c4 g6 3. Nc3 d5 4. Nf3 Bg7 5. Bg5 Ne4 6. Bh4 Nxc3 7. bxc3 dxc4 8.
Qa4+ Nd7 9. e3 O-O 10. Qa3 Bf6 11. Bxf6 Nxf6 12. Bxc4 Qd6 13. Qb3 Qb6 14. Ne5
Qxb3 15. axb3 Ne4 16. f3 Nd6 17. Be2 f6 18. Nd3 Re8 19. Kd2 e5 20. dxe5 fxe5
21. e4 b6 22. Nb2 Be6 23. Kc2 a5 24. Na4 Bd7 25. Rhd1 Rad8 26. Nxb6 Bc6 27. Nc4
Bb5 28. Nxd6 Bxe2 29. Nxe8 Bxd1+ 30. Rxd1 Rxe8 31. Rd5 Ra8 32. Rxe5 Kf7 33. Rc5
Ra7 34. Rc4 Ke6 35. Ra4 Kd6 36. b4 Kc6 37. Rxa5 Rxa5 38. bxa5 Kb5 39. e5 1-0

[Event "GBR-ch 100th"]
[Site "Torquay"]
[Date "2013.08.02"]
[Round "5"]
[White "Emery, Keith"]
[Black "Brusey, Alan"]
[Result "1-0"]
[WhiteElo "1906"]
[BlackElo "2020"]
[PlyCount "149"]
[EventDate "2013.07.29"]
[EventType "swiss"]
[EventRounds "11"]
[EventCountry "GBR"]
[Source "John Saunders"]
[SourceDate "2015.07.24"]

1. e4 e6 2. Nf3 d5 3. exd5 exd5 4. d4 Nc6 5. h3 Bd6 6. Bd3 Nge7 7. c3 h6 8. Be3
Bf5 9. O-O Bxd3 10. Qxd3 Qd7 11. Nbd2 f5 12. Nb3 f4 13. Bd2 g5 14. Rae1 g4 15.
Qg6+ Kd8 16. Qxg4 Qxg4 17. hxg4 b6 18. Ne5 Bxe5 19. dxe5 Ng6 20. e6 Nce5 21.
Bxf4 Nd3 22. e7+ Kd7 23. e8=Q+ Raxe8 24. Rxe8 Rxe8 25. Bxh6 Nxb2 26. Bc1 Nc4
27. f4 Re2 28. Rf2 Re1+ 29. Kh2 a5 30. g5 a4 31. Nd2 Rxc1 32. Nxc4 dxc4 33. f5
Ne5 34. Re2 Nf7 35. g6 Nh6 36. g7 Rxc3 37. Re4 b5 38. f6 Rc2 39. f7 Nxf7 40.
g8=Q Nd6 41. Rd4 Rxa2 42. Qd5 Rb2 43. Rd2 c3 44. Qf5+ Kc6 45. Qf3+ Kb6 46. Qe3+
Kb7 47. Qxc3 Rb3 48. Qc2 Nc4 49. Rd3 Rb2 50. Qc1 Re2 51. Rc3 Kb6 52. Rxc4 bxc4
53. Qxc4 Re5 54. Qxa4 c5 55. g4 Rd5 56. Kg3 Rd4 57. Qb3+ Kc6 58. Qe6+ Rd6 59.
Qe4+ Kb5 60. Kf3 c4 61. Qe5+ Kc6 62. g5 Kd7 63. Qb5+ Rc6 64. Qd5+ Kc7 65. Ke2
c3 66. Qe5+ Kd7 67. Qf5+ Ke7 68. Qc2 Kf7 69. Kf3 Kg7 70. Kg4 Rc4+ 71. Kh5 Rc6
72. Qf5 Kh8 73. Qf8+ Kh7 74. Qf7+ Kh8 75. Qe8+ 1-0

[Event "GBR-ch 100th"]
[Site "Torquay"]
[Date "2013.08.02"]
[Round "5"]
[White "Fernandez, Daniel Howard"]
[Black "Gormally, Daniel"]
[Result "1-0"]
[WhiteElo "2346"]
[BlackElo "2496"]
[PlyCount "162"]
[EventDate "2013.07.29"]
[EventType "swiss"]
[EventRounds "11"]
[EventCountry "GBR"]
[Source "John Saunders"]
[SourceDate "2015.07.24"]

1. d4 Nf6 2. c4 g6 3. f3 Nc6 4. Nc3 Bg7 5. e4 e5 6. dxe5 Nh5 7. g3 Bxe5 8. Nge2
O-O 9. Bg2 d6 10. O-O Bg7 11. Be3 a6 12. c5 dxc5 13. Bxc5 Re8 14. Qc2 Be6 15.
Rad1 Qc8 16. f4 Nf6 17. e5 Nd7 18. Bf2 Nb6 19. Nd4 Nb4 20. Qe4 Bg4 21. Rc1 c6
22. Nxc6 Nxc6 23. Bxb6 Qe6 24. Qd5 Nxe5 25. Na4 Nc6 26. Qxe6 Rxe6 27. h3 Bf5
28. Bf2 Nd4 29. Rc7 Rd8 30. Nc5 Re2 31. Nxb7 Rb8 32. Rd1 Nb5 33. Rc4 Rxb2 34.
Rd8+ Rxd8 35. Nxd8 Nc3 36. Nc6 Be6 37. Rb4 Rxb4 38. Nxb4 a5 39. Nc6 a4 40. Ne7+
Kf8 41. Bc5 Bd4+ 42. Bxd4 Ne2+ 43. Kf2 Nxd4 44. Nd5 h5 45. a3 Ke8 46. Nb6 Bb3
47. Ke3 Nf5+ 48. Kf2 Ne7 49. Bf1 Kd8 50. Bb5 Kc7 51. Nxa4 Be6 52. Bf1 Kd6 53.
Nc3 Kc5 54. Ne4+ Kb6 55. Nc3 Kc5 56. Kf3 Nf5 57. Ne4+ Kb6 58. Ng5 Bd5+ 59. Kf2
Ka5 60. Bd3 Ne7 61. Bc2 Kb5 62. Ke3 Kc5 63. Bd3 Bb3 64. Ne4+ Kd5 65. Nd2 Ba2
66. a4 Kc5 67. a5 Nd5+ 68. Kf2 h4 69. a6 hxg3+ 70. Kxg3 Nc7 71. h4 Bd5 72. Be2
Kb6 73. Bc4 f5 74. Kf2 Ka7 75. Be2 Bf7 76. Nf3 Be8 77. Ne5 Nd5 78. Kf3 Nb4 79.
Bc4 Kb6 80. Ke3 Nc2+ 81. Kd2 Nd4 1-0

[Event "GBR-ch 100th"]
[Site "Torquay"]
[Date "2013.08.02"]
[Round "5"]
[White "Gordon, Stephen J"]
[Black "Howell, David"]
[Result "1/2-1/2"]
[WhiteElo "2521"]
[BlackElo "2639"]
[PlyCount "37"]
[EventDate "2013.07.29"]
[EventType "swiss"]
[EventRounds "11"]
[EventCountry "GBR"]
[Source "John Saunders"]
[SourceDate "2015.07.24"]

1. Nf3 Nf6 2. c4 g6 3. b3 Bg7 4. Bb2 O-O 5. g3 c5 6. Bg2 Nc6 7. O-O d6 8. Nc3
Bd7 9. d4 cxd4 10. Nxd4 a6 11. Nxc6 Bxc6 12. Bxc6 bxc6 13. Na4 c5 14. Bxf6 Bxf6
15. Rc1 Rb8 16. e3 Qc8 17. Kg2 Qb7+ 18. Qf3 h5 19. Qxb7 1/2-1/2

[Event "GBR-ch 100th"]
[Site "Torquay"]
[Date "2013.08.02"]
[Round "5"]
[White "Graham, David Bruce"]
[Black "Hackner, Oskar A"]
[Result "1/2-1/2"]
[WhiteElo "2165"]
[BlackElo "2063"]
[PlyCount "159"]
[EventDate "2013.07.29"]
[EventType "swiss"]
[EventRounds "11"]
[EventCountry "GBR"]
[Source "John Saunders"]
[SourceDate "2015.07.24"]

1. e4 e6 2. d3 d5 3. Nd2 c5 4. g3 Nc6 5. Bg2 Nf6 6. Ngf3 Be7 7. O-O Rb8 8. Re1
O-O 9. e5 Nd7 10. Nf1 f6 11. exf6 Bxf6 12. h4 e5 13. Ng5 Nb6 14. a4 h6 15. a5
Na8 16. Ne3 Nc7 17. Nf3 Be6 18. Nh2 Qd7 19. Neg4 Kh8 20. Be3 b6 21. axb6 axb6
22. Bd2 Rf7 23. Bc3 Rbf8 24. Bxe5 Bxe5 25. Rxe5 Rxf2 26. Nxf2 Nxe5 27. Qh5 Rf5
28. Qe2 Nc6 29. c3 Qd6 30. Nf1 Re5 31. Qf3 Rf5 32. Qe2 b5 33. Nh3 Re5 34. Qf3
Rf5 35. Qe2 Re5 36. Qd2 Bxh3 37. Bxh3 d4 38. Qf4 dxc3 39. bxc3 Qe7 40. Bg2 Re6
41. h5 b4 42. Bxc6 Rxc6 43. cxb4 cxb4 44. Ne3 Rf6 45. Qd4 Rf3 46. Nf1 b3 47.
Qe4 Qf6 48. d4 Rc3 49. Ne3 b2 50. Rb1 Rc1+ 51. Nd1 Rxb1 52. Qxb1 Qxd4+ 53. Kh2
Qd2+ 54. Kh3 Ne6 55. Nxb2 Ng5+ 56. Kg4 Qd4+ 57. Kf5 Qd5+ 58. Kg4 Qd7+ 59. Kf4
Nh3+ 60. Ke3 Qe7+ 61. Qe4 Qc5+ 62. Qd4 Qc1+ 63. Kd3 Qf1+ 64. Kc3 Qe1+ 65. Kc4
Qe6+ 66. Kc3 Qe1+ 67. Kc4 Qe2+ 68. Nd3 Qxh5 69. Ne5 Qf5 70. Qd8+ Kh7 71. Qd3
Qxd3+ 72. Kxd3 g6 73. Ke3 Kg7 74. Kf3 Kf6 75. Ng4+ Kg5 76. Ne3 Kf6 77. Ng4+ Kg7
78. Ne3 h5 79. Ng2 Kf6 80. g4 1/2-1/2

[Event "GBR-ch 100th"]
[Site "Torquay"]
[Date "2013.08.02"]
[Round "5"]
[White "Haria, Ravi"]
[Black "Longson, Alexander"]
[Result "1/2-1/2"]
[WhiteElo "2133"]
[BlackElo "2279"]
[PlyCount "92"]
[EventDate "2013.07.29"]
[EventType "swiss"]
[EventRounds "11"]
[EventCountry "GBR"]
[Source "John Saunders"]
[SourceDate "2015.07.24"]

1. e4 c5 2. Nf3 d6 3. d4 cxd4 4. Nxd4 Nf6 5. Nc3 a6 6. Be2 e5 7. Nb3 Be7 8. O-O
O-O 9. Kh1 Nc6 10. f4 b5 11. Be3 exf4 12. Rxf4 Ne5 13. a4 b4 14. Nd5 Nxd5 15.
Qxd5 Be6 16. Qd2 Bg5 17. Rff1 Bxe3 18. Qxe3 Qc7 19. Nd4 Qc5 20. Qd2 Rfd8 21.
Rad1 a5 22. Nf5 Bxf5 23. exf5 Rac8 24. Bd3 Nxd3 25. cxd3 f6 26. Rc1 Qd5 27.
Rxc8 Rxc8 28. h3 h6 29. d4 Qe4 30. Rf4 Qc2 31. Qe1 Qc1 32. Re4 Kh7 33. Kh2 Qxe1
34. Rxe1 Rc4 35. Re4 b3 36. Re3 Rb4 37. d5 Kg8 38. Re6 Rxa4 39. Rxd6 Ra2 40.
Ra6 Rxb2 41. Rxa5 Rf2 42. d6 b2 43. Rb5 Kf7 44. Rb7+ Ke8 45. Kg3 Rxf5 46. Rxb2
Rd5 1/2-1/2

[Event "GBR-ch 100th"]
[Site "Torquay"]
[Date "2013.08.02"]
[Round "5"]
[White "Harvey, Marcus Ross"]
[Black "Palliser, Richard"]
[Result "0-1"]
[WhiteElo "2202"]
[BlackElo "2453"]
[PlyCount "104"]
[EventDate "2013.07.29"]
[EventType "swiss"]
[EventRounds "11"]
[EventCountry "GBR"]
[Source "John Saunders"]
[SourceDate "2015.07.24"]

1. g3 g6 2. e4 Bg7 3. Bg2 c5 4. Ne2 Nc6 5. O-O Nf6 6. c4 a6 7. Nbc3 O-O 8. d3
d6 9. h3 Rb8 10. Be3 b5 11. b3 b4 12. Na4 Bd7 13. f4 Ne8 14. Rc1 Nd4 15. Nxd4
cxd4 16. Bd2 Bxa4 17. bxa4 Qb6 18. a5 Qxa5 19. a3 Qxa3 20. Qe2 Qa5 21. Ra1 Qb6
22. Ra4 a5 23. Rfa1 Nc7 24. Rxa5 Ra8 25. Rxa8 Rxa8 26. Rb1 Ra2 27. Qd1 b3 28.
Bf3 b2 29. Qf1 Na6 30. Bd1 Nc5 31. Kg2 Ra1 32. Bc2 Rxb1 33. Qxb1 Qb7 34. Kf2 f5
35. exf5 gxf5 36. Qe1 e5 37. fxe5 dxe5 38. Bb4 Qc6 39. Kg1 e4 40. Bxc5 Qxc5 41.
Kf1 e3 42. Ke2 Qc6 43. Qf1 Qb7 44. Bb1 Qb4 45. Qd1 Be5 46. c5 Qxc5 47. Qb3+ Kg7
48. Ba2 Qc6 49. Qf7+ Kh6 50. Qf8+ Bg7 51. Qxf5 Qg2+ 52. Ke1 Qd2+ 0-1

[Event "GBR-ch 100th"]
[Site "Torquay"]
[Date "2013.08.02"]
[Round "5"]
[White "Hawkins, Jonathan"]
[Black "Eggleston, David"]
[Result "1-0"]
[WhiteElo "2517"]
[BlackElo "2363"]
[PlyCount "77"]
[EventDate "2013.07.29"]
[EventType "swiss"]
[EventRounds "11"]
[EventCountry "GBR"]
[Source "John Saunders"]
[SourceDate "2015.07.24"]

1. d4 Nf6 2. c4 e6 3. Nc3 Bb4 4. e3 O-O 5. Bd3 d5 6. Nf3 c5 7. O-O dxc4 8. Bxc4
Nbd7 9. Qe2 cxd4 10. exd4 Bxc3 11. bxc3 b6 12. Bg5 Bb7 13. Ne5 Qc7 14. Nxd7
Nxd7 15. Rac1 Rfe8 16. Rfe1 Nf8 17. Bd3 Ng6 18. Qg4 e5 19. h4 exd4 20. Rxe8+
Rxe8 21. cxd4 Qd6 22. h5 Nf8 23. h6 Ng6 24. hxg7 Kxg7 25. Be3 Bd5 26. Qg5 Kg8
27. a4 a5 28. Bb5 Rf8 29. Qh6 Qe7 30. Bc6 Qe6 31. Bxd5 Qxd5 32. Rb1 Qd6 33. Rb5
f5 34. d5 f4 35. Bd4 Qd7 36. Rxb6 Rc8 37. Ra6 f3 38. Ra7 Rc7 39. Ra8+ 1-0

[Event "GBR-ch 100th"]
[Site "Torquay"]
[Date "2013.08.02"]
[Round "5"]
[White "Hebden, Mark"]
[Black "Ghasi, Ameet K"]
[Result "1-0"]
[WhiteElo "2555"]
[BlackElo "2459"]
[PlyCount "95"]
[EventDate "2013.07.29"]
[EventType "swiss"]
[EventRounds "11"]
[EventCountry "GBR"]
[Source "John Saunders"]
[SourceDate "2015.07.24"]

1. d4 Nf6 2. Nf3 g6 3. Nc3 d6 4. e4 Bg7 5. Be3 a6 6. h3 O-O 7. Bd3 b5 8. e5
dxe5 9. dxe5 Nd5 10. Bd2 Nxc3 11. Bxc3 Qd5 12. O-O Nd7 13. Qe2 Nc5 14. Rad1 Qc6
15. Bb4 Bb7 16. Bxc5 Qxc5 17. Be4 Bxe4 18. Qxe4 Rad8 19. c3 e6 20. Rd4 Rd5 21.
Rxd5 Qxd5 22. Qxd5 exd5 23. Rd1 c6 24. Nd4 Rc8 25. f4 f6 26. exf6 Bxf6 27. Kf2
Kf7 28. Kf3 Ke7 29. g4 c5 30. Nc2 Ke6 31. h4 h5 32. g5 Bg7 33. a4 b4 34. cxb4
c4 35. Rb1 Kd6 36. b5 axb5 37. axb5 Rb8 38. Ra1 Bxb2 39. Ra6+ Kc5 40. Rxg6 d4
41. f5 d3 42. Ne3 c3 43. Rc6+ Kxb5 44. Rc7 Rd8 45. f6 Bc1 46. Rxc3 Bxe3 47.
Kxe3 d2 48. Rb3+ 1-0

[Event "GBR-ch 100th"]
[Site "Torquay"]
[Date "2013.08.02"]
[Round "5"]
[White "Hegarty, Sarah"]
[Black "Broadley, Henry"]
[Result "1/2-1/2"]
[WhiteElo "2124"]
[BlackElo "1953"]
[PlyCount "57"]
[EventDate "2013.07.29"]
[EventType "swiss"]
[EventRounds "11"]
[EventCountry "GBR"]
[Source "John Saunders"]
[SourceDate "2015.07.24"]

1. e4 c5 2. Nf3 d6 3. d4 cxd4 4. Nxd4 Nf6 5. Nc3 g6 6. Be3 Bg7 7. f3 O-O 8. Qd2
Nc6 9. Bc4 Bd7 10. O-O-O Rc8 11. Bb3 Ne5 12. Kb1 Re8 13. h4 h5 14. Bh6 Nc4 15.
Bxc4 Rxc4 16. Bxg7 Kxg7 17. Nd5 Nxd5 18. exd5 Ra4 19. Rhe1 Qa5 20. Qxa5 Rxa5
21. Nb3 Ra4 22. Nd4 Ra5 23. Nb3 Ra4 24. g3 Rc4 25. Rd2 Bf5 26. Kc1 Kf6 27. c3
a6 28. a3 Rec8 29. Re3 1/2-1/2

[Event "GBR-ch 100th"]
[Site "Torquay"]
[Date "2013.08.02"]
[Round "5"]
[White "Horton, Andrew P"]
[Black "Osborne, Marcus E"]
[Result "0-1"]
[WhiteElo "2032"]
[BlackElo "2269"]
[PlyCount "114"]
[EventDate "2013.07.29"]
[EventType "swiss"]
[EventRounds "11"]
[EventCountry "GBR"]
[Source "John Saunders"]
[SourceDate "2015.07.24"]

1. Nf3 Nf6 2. c4 c5 3. g3 Nc6 4. Bg2 d5 5. cxd5 Nxd5 6. O-O Nc7 7. b3 e5 8. Bb2
f6 9. Nc3 Be7 10. Rc1 O-O 11. Na4 Ne6 12. Ne1 Nb4 13. a3 Na6 14. Nd3 Rb8 15.
Nc3 b5 16. Nd5 Bb7 17. Nxe7+ Qxe7 18. Bxb7 Qxb7 19. f4 e4 20. f5 exd3 21. fxe6
Qe4 22. exd3 Qxe6 23. d4 c4 24. Qf3 Nc7 25. d3 c3 26. Bxc3 Qxb3 27. Bb4 Rfc8
28. Bd6 Qf7 29. Rc6 Nd5 30. Rc5 Rxc5 31. dxc5 Re8 32. Rc1 Qe6 33. h4 a5 34. Bf4
Qc6 35. d4 b4 36. axb4 axb4 37. Bd2 Rd8 38. Kf2 Rb8 39. Rb1 Qd7 40. Bf4 Ra8 41.
Re1 Ra2+ 42. Kg1 Nxf4 43. Qxf4 Qc6 44. Re4 h5 45. Qe3 Kh7 46. Qd3 f5 47. Re2 b3
48. Kf2 Qe4 49. Qxe4 fxe4 50. c6 b2 51. c7 b1=Q 52. c8=Q e3+ 53. Kxe3 Qg1+ 54.
Kd3 Qd1+ 55. Kc3 Ra3+ 56. Kb4 Qa4+ 57. Kc5 Rc3+ 0-1

[Event "GBR-ch 100th"]
[Site "Torquay"]
[Date "2013.08.02"]
[Round "5"]
[White "Jackson, Oliver"]
[Black "Varnam, Liam"]
[Result "1/2-1/2"]
[WhiteElo "2207"]
[BlackElo "2107"]
[PlyCount "83"]
[EventDate "2013.07.29"]
[EventType "swiss"]
[EventRounds "11"]
[EventCountry "GBR"]
[Source "John Saunders"]
[SourceDate "2015.07.24"]

1. e4 c5 2. Nc3 Nc6 3. f4 e6 4. Nf3 d5 5. Bb5 Nge7 6. exd5 exd5 7. Qe2 f6 8.
Bxc6+ bxc6 9. O-O Kf7 10. d3 Nf5 11. Qf2 h5 12. Bd2 g6 13. Na4 d4 14. Rae1 Qd5
15. b3 Bd7 16. Nb2 Bd6 17. Nc4 Rae8 18. Bc1 h4 19. Re4 Rxe4 20. dxe4 Qxe4 21.
Nxh4 Bc7 22. Re1 Qd5 23. Nxf5 Qxf5 24. h3 Be6 25. Qf3 Bd5 26. Qe2 Qd7 27. Ba3
Bb6 28. Bb2 Be6 29. a4 Re8 30. f5 Bxc4 31. fxg6+ Kf8 32. g7+ Kxg7 33. Qxe8 Qxe8
34. Rxe8 Bf7 35. Re2 c4 36. a5 d3+ 37. axb6 dxe2 38. Kf2 axb6 39. b4 Bg6 40. g4
Kf7 41. Kxe2 Bxc2 42. Bd4 1/2-1/2

[Event "GBR-ch 100th"]
[Site "Torquay"]
[Date "2013.08.02"]
[Round "5"]
[White "Jones, Steven"]
[Black "Duff, Rufus"]
[Result "0-1"]
[WhiteElo "2033"]
[BlackElo "2157"]
[PlyCount "65"]
[EventDate "2013.07.29"]
[EventType "swiss"]
[EventRounds "11"]
[EventCountry "GBR"]
[Source "John Saunders"]
[SourceDate "2015.07.24"]

1. e4 e5 2. Nf3 Nc6 3. Bb5 Nf6 4. O-O Nxe4 5. d4 Nd6 6. Bxc6 dxc6 7. dxe5 Nf5
8. Qxd8+ Kxd8 9. Rd1+ Ke8 10. Nc3 h5 11. b3 Be7 12. Ne4 b6 13. c4 c5 14. Nc3
Bd8 15. Ng5 Nd4 16. Nb5 Bxg5 17. Bxg5 Bg4 18. f3 Nxb5 19. cxb5 Bf5 20. Rd2 Kf8
21. Rd8+ Rxd8 22. Bxd8 Kg8 23. Bxc7 Kh7 24. Rd1 Rc8 25. Bd8 c4 26. bxc4 Rxc4
27. Be7 Rc2 28. a3 Be6 29. Rd8 Kg6 30. Ra8 Kf5 31. Rxa7 Kf4 32. Ra4+ Bc4 33.
Rb4 0-1

[Event "GBR-ch 100th"]
[Site "Torquay"]
[Date "2013.08.02"]
[Round "5"]
[White "Kalaiyalahan, Akshaya"]
[Black "Tavares, Shawn P"]
[Result "1-0"]
[WhiteElo "1920"]
[BlackElo "2178"]
[PlyCount "95"]
[EventDate "2013.07.29"]
[EventType "swiss"]
[EventRounds "11"]
[EventCountry "GBR"]
[Source "John Saunders"]
[SourceDate "2015.07.24"]

1. Nf3 c5 2. c4 b6 3. e3 Bb7 4. d4 Nf6 5. Nc3 e6 6. d5 d6 7. e4 e5 8. Be2 g6 9.
O-O Bg7 10. Ne1 O-O 11. Nd3 Qe7 12. Be3 a6 13. f3 h6 14. b4 Nh5 15. Na4 Nd7 16.
Rb1 b5 17. bxc5 bxc4 18. Rxb7 cxd3 19. Bxd3 dxc5 20. Bxc5 Qd8 21. Bxf8 Bxf8 22.
d6 Nf4 23. Bc4 Rb8 24. Rxb8 Qxb8 25. Qb3 Qa7+ 26. Kh1 Bxd6 27. Bxf7+ Kg7 28.
Bc4 h5 29. g3 Nh3 30. Kg2 Ng5 31. h4 Nh7 32. Rd1 Bf8 33. Bd5 Nhf6 34. Be6 Qc7
35. Qc3 Qxc3 36. Nxc3 Nc5 37. Bc4 a5 38. Nd5 Ne8 39. Ne3 Nd6 40. Bd5 Nb5 41.
Nc4 Nc3 42. Rd2 a4 43. Nxe5 Kf6 44. Nd3 Nxd5 45. exd5 Nb7 46. Nf4 a3 47. Re2
Nc5 48. Ne6 1-0

[Event "GBR-ch 100th"]
[Site "Torquay"]
[Date "2013.08.02"]
[Round "5"]
[White "Lalic, Bogdan"]
[Black "Chapman, Terry PD"]
[Result "1-0"]
[WhiteElo "2489"]
[BlackElo "2308"]
[PlyCount "51"]
[EventDate "2013.07.29"]
[EventType "swiss"]
[EventRounds "11"]
[EventCountry "GBR"]
[Source "John Saunders"]
[SourceDate "2015.07.24"]

1. d4 d6 2. Nf3 g6 3. c4 Bg7 4. Nc3 Bg4 5. e3 c5 6. Be2 Nc6 7. O-O cxd4 8. exd4
Nh6 9. d5 Bxf3 10. Bxf3 Ne5 11. Be2 Nf5 12. Bd2 O-O 13. Re1 Qc8 14. b3 Nd4 15.
Rc1 Qf5 16. Bf1 Ndf3+ 17. gxf3 Nxf3+ 18. Kh1 Nxh2 19. Kxh2 Qxf2+ 20. Bg2 Bd4
21. Bg5 f6 22. Rc2 Qf5 23. Qxd4 Qxc2 24. Rxe7 Rae8 25. Rxe8 Rxe8 26. Bxf6 1-0

[Event "GBR-ch 100th"]
[Site "Torquay"]
[Date "2013.08.02"]
[Round "5"]
[White "Lenier, Jude"]
[Black "Carr, Neil L"]
[Result "0-1"]
[WhiteElo "2119"]
[BlackElo "2290"]
[PlyCount "100"]
[EventDate "2013.07.29"]
[EventType "swiss"]
[EventRounds "11"]
[EventCountry "GBR"]
[Source "John Saunders"]
[SourceDate "2015.07.24"]

1. e4 c5 2. Nf3 d6 3. d4 cxd4 4. Nxd4 Nf6 5. Nc3 g6 6. Be3 Bg7 7. f3 Nc6 8. Qd2
Bd7 9. g4 Ne5 10. h4 h5 11. g5 Nh7 12. f4 Ng4 13. O-O-O O-O 14. Bc4 e5 15. Ndb5
Nxe3 16. Qxe3 exf4 17. Qxf4 Be5 18. Qe3 Bg4 19. Rdf1 a6 20. Nd4 Rc8 21. Bb3 Qb6
22. Nf5 Qxe3+ 23. Nxe3 Bxc3 24. Nxg4 hxg4 25. bxc3 Kg7 26. Rhg1 f6 27. Rxg4
Rxc3 28. Rd1 Rc6 29. Bd5 Rc7 30. Be6 fxg5 31. Rxd6 Nf6 32. Rg2 Nxe4 33. Rd4 Nc5
34. Bc4 Rf4 35. Rxf4 gxf4 36. h5 Rc6 37. Bd5 Rd6 38. Rg5 Kh6 39. Rxg6+ Rxg6 40.
hxg6 Kxg6 41. Kd2 Kf5 42. Bf3 b6 43. c4 Kg5 44. Kc3 Kh4 45. Kd4 Kg3 46. Be2 Kg2
47. Kd5 f3 48. Bd1 Na4 49. Kc6 f2 50. Be2 Nc3 0-1

[Event "GBR-ch 100th"]
[Site "Torquay"]
[Date "2013.08.02"]
[Round "5"]
[White "McCullough, Simon L"]
[Black "Homer, Stephen J"]
[Result "1-0"]
[WhiteElo "2076"]
[BlackElo "2165"]
[PlyCount "79"]
[EventDate "2013.07.29"]
[EventType "swiss"]
[EventRounds "11"]
[EventCountry "GBR"]
[Source "John Saunders"]
[SourceDate "2015.07.24"]

1. Nf3 d5 2. b3 g6 3. Bb2 Nf6 4. g3 Bg7 5. Bg2 c5 6. d3 O-O 7. O-O Nc6 8. Nbd2
Qc7 9. e4 d4 10. c3 dxc3 11. Bxc3 Rd8 12. Qc2 Qd7 13. Ne1 b6 14. Rd1 Ba6 15.
Nc4 Bxc4 16. bxc4 Ne8 17. Nf3 Bxc3 18. Qxc3 Ng7 19. Rfe1 Nd4 20. Nxd4 Qxd4 21.
Qa3 e5 22. Bh3 Rd6 23. Qa6 Rf6 24. Re2 h5 25. Bc8 Qd8 26. Bb7 Ne6 27. Re3 Rb8
28. Bd5 Nd4 29. Qxa7 h4 30. Rf1 Kg7 31. f4 hxg3 32. hxg3 Qh8 33. Kg2 exf4 34.
Rxf4 Rxf4 35. gxf4 Rf8 36. Rh3 Qg8 37. Qc7 Re8 38. Bxf7 Re7 39. Qxe7 Qxf7 40.
Rh7+ 1-0

[Event "GBR-ch 100th"]
[Site "Torquay"]
[Date "2013.08.02"]
[Round "5"]
[White "Mercs, Peter J"]
[Black "Mordue, A Tyson"]
[Result "1/2-1/2"]
[WhiteElo "2109"]
[BlackElo "2256"]
[PlyCount "44"]
[EventDate "2013.07.29"]
[EventType "swiss"]
[EventRounds "11"]
[EventCountry "GBR"]
[Source "John Saunders"]
[SourceDate "2015.07.24"]

1. e4 c5 2. Nf3 d6 3. d4 cxd4 4. Nxd4 Nf6 5. Nc3 a6 6. Be2 e6 7. O-O Be7 8. Be3
Qc7 9. f4 O-O 10. Bf3 Nc6 11. Qe1 Nxd4 12. Bxd4 e5 13. Be3 exf4 14. Bxf4 Be6
15. Kh1 Nd7 16. Nd5 Bxd5 17. exd5 Ne5 18. Bxe5 dxe5 19. Qd2 f5 20. d6 Bxd6 21.
Qd5+ Kh8 22. Qxb7 Qxb7 1/2-1/2

[Event "GBR-ch 100th"]
[Site "Torquay"]
[Date "2013.08.02"]
[Round "5"]
[White "Meszaros, Gyula"]
[Black "Scott, Gordon W"]
[Result "1/2-1/2"]
[WhiteElo "2255"]
[BlackElo "2039"]
[PlyCount "33"]
[EventDate "2013.07.29"]
[EventType "swiss"]
[EventRounds "11"]
[EventCountry "GBR"]
[Source "John Saunders"]
[SourceDate "2015.07.24"]

1. Nf3 c5 2. g3 g6 3. Bg2 Bg7 4. O-O Nc6 5. c3 e5 6. d3 Nge7 7. e4 O-O 8. Bg5
d6 9. a3 Be6 10. b4 d5 11. Re1 d4 12. bxc5 dxc3 13. Nxc3 Qa5 14. Na4 b6 15. Rb1
b5 16. Nb2 Qxa3 17. Qc1 1/2-1/2

[Event "GBR-ch 100th"]
[Site "Torquay"]
[Date "2013.08.02"]
[Round "5"]
[White "Murphy, Hugh"]
[Black "Knott, Simon JB"]
[Result "0-1"]
[WhiteElo "2170"]
[BlackElo "2318"]
[PlyCount "52"]
[EventDate "2013.07.29"]
[EventType "swiss"]
[EventRounds "11"]
[EventCountry "GBR"]
[Source "John Saunders"]
[SourceDate "2015.07.24"]

1. e4 e6 2. d4 d5 3. exd5 exd5 4. Nf3 Nf6 5. Bd3 Bd6 6. O-O O-O 7. c4 dxc4 8.
Bxc4 Nc6 9. h3 Bf5 10. Nc3 Qd7 11. Re1 Rfe8 12. Be3 a6 13. Ng5 Bg6 14. Qd2 h6
15. Nf3 Ne4 16. Nxe4 Bxe4 17. Bxh6 gxh6 18. Rxe4 Rxe4 19. Qxh6 Rae8 20. g3 Bf8
21. Qg6+ Bg7 22. Ng5 Re1+ 23. Rxe1 Rxe1+ 24. Kh2 Nd8 25. h4 Qe7 26. h5 Qf6 0-1

[Event "GBR-ch 100th"]
[Site "Torquay"]
[Date "2013.08.02"]
[Round "5"]
[White "Reid, John"]
[Black "De Coverly, Roger"]
[Result "1-0"]
[WhiteElo "2151"]
[BlackElo "2036"]
[PlyCount "91"]
[EventDate "2013.07.29"]
[EventType "swiss"]
[EventRounds "11"]
[EventCountry "GBR"]
[Source "John Saunders"]
[SourceDate "2015.07.24"]

1. d4 Nf6 2. c4 e6 3. Nf3 d5 4. Nc3 Bb4 5. cxd5 exd5 6. Bg5 Nbd7 7. Rc1 c6 8.
a3 Bxc3+ 9. Rxc3 Qa5 10. b4 Qb6 11. Re3+ Kf8 12. Rb3 Ne4 13. Bf4 a5 14. b5 cxb5
15. e3 b4 16. Bd3 Ndf6 17. O-O Bd7 18. Rb2 Ke7 19. Ne5 Rhc8 20. g4 h6 21. h4 g5
22. hxg5 hxg5 23. Nxd7 Kxd7 24. Be5 Ke7 25. f3 Nc3 26. Qb3 Nd7 27. Bg3 Rc6 28.
f4 gxf4 29. Rxf4 a4 30. Qxb4+ Qxb4 31. Rxb4 Rb6 32. Bh4+ Ke8 33. Rxb6 Nxb6 34.
Be1 Rc8 35. g5 Nd7 36. Kg2 Nf8 37. Rf6 Nd7 38. Rh6 Na2 39. g6 fxg6 40. Bxg6+
Ke7 41. Bh4+ Nf6 42. Bb1 Rc3 43. Rxf6 Rxa3 44. Rf2+ Kd6 45. Rxa2 Rxa2+ 46. Bxa2
1-0

[Event "GBR-ch 100th"]
[Site "Torquay"]
[Date "2013.08.02"]
[Round "5"]
[White "Richardson, Alex"]
[Black "Kirby, Peter J"]
[Result "1/2-1/2"]
[WhiteElo "2149"]
[BlackElo "1982"]
[PlyCount "32"]
[EventDate "2013.07.29"]
[EventType "swiss"]
[EventRounds "11"]
[EventCountry "GBR"]
[Source "John Saunders"]
[SourceDate "2015.07.24"]

1. c4 c5 2. Nf3 g6 3. g3 Nc6 4. Bg2 Bg7 5. Nc3 e6 6. d3 Nge7 7. Bg5 h6 8. Bd2
O-O 9. O-O d5 10. a3 b6 11. Rb1 a5 12. cxd5 exd5 13. e4 dxe4 14. dxe4 Ba6 15.
Re1 Bd3 16. Rc1 Rc8 1/2-1/2

[Event "GBR-ch 100th"]
[Site "Torquay"]
[Date "2013.08.02"]
[Round "5"]
[White "Rudd, Jack"]
[Black "Williams, Simon Kim"]
[Result "0-1"]
[WhiteElo "2280"]
[BlackElo "2481"]
[PlyCount "50"]
[EventDate "2013.07.29"]
[EventType "swiss"]
[EventRounds "11"]
[EventCountry "GBR"]
[Source "John Saunders"]
[SourceDate "2015.07.24"]

1. e4 c5 2. Nf3 Nc6 3. d4 cxd4 4. Nxd4 e5 5. Nb5 a6 6. Nd6+ Bxd6 7. Qxd6 Qf6 8.
Qd1 Qg6 9. Nc3 Nge7 10. h4 h5 11. Bg5 d5 12. exd5 Nd4 13. Rc1 Bf5 14. Qd2 Rd8
15. Bxe7 Kxe7 16. Nd1 Nxc2+ 17. Rxc2 Bxc2 18. Ne3 Bb1 19. Bc4 b5 20. Bb3 Qd3
21. Qb4+ Rd6 22. Qc5 Rhd8 23. Rh3 Qd4 24. Qc1 Bd3 25. Rg3 g6 0-1